| 000 | 00757nam a22002417a 4500 | ||
|---|---|---|---|
| 999 |
_c14599 _d14599 |
||
| 003 | MIRAKIL | ||
| 005 | 20211108125408.0 | ||
| 008 | 211108b tu ||||| |||| 00| 0 tur d | ||
| 040 |
_aTR-AnCHP _cTR-AnCHP |
||
| 041 | _aTur | ||
| 082 |
_a956.1023 _bÖ92m 1989 |
||
| 100 | 1 | _aÖzalp, Kazım | |
| 245 | 1 | 0 |
_a Milli mücadele 1919-1922 : _bBelgeler / _cKazım Özalp. |
| 250 | _a2 bs. | ||
| 260 |
_aAnkara: _bTürk Tarih Kurumu, _c1989. |
||
| 300 |
_a211 s.: _bblg.; _c24 sm. |
||
| 490 | 0 |
_aTürk Tarih Kurumu Yayınları; _vxvı. Dizi- Sa. 13 |
|
| 600 | 1 | 4 |
_92264 _aÖzalp, Kazım _d1882-1968 _xAnılar _y1919-1922 |
| 650 | 0 |
_94 _aTürkiye _xTarih _y1919-1922 |
|
| 650 | 0 |
_94 _aTürkiye _xTarih _yMilli Mücadele _vBelgeler |
|
| 942 |
_2ddc _cBKS |
||
| 999 | _d14599 | ||